| 000 | 00869nam a2200265 a 4500 | ||
|---|---|---|---|
| 008 | |||
| 020 | _a1901769100 (pbk.) | ||
| 049 | _aMAIN | ||
| 090 |
_aRA644.A25 _bETH |
||
| 245 | 1 | 0 |
_aEthnicity and HIV : _bprevention and care in Europe and the USA / _cedited by Jo T. Erwin, Dawn K. Smith and Barry S. Peters. |
| 260 |
_aLondon : _bInternational Medical Press, _c2003. |
||
| 300 |
_aix, 254 p. : _bill. ; _c24 cm. |
||
| 500 | _aIncludes index. | ||
| 504 | _aIncludes bibliographical references. | ||
| 650 | 1 |
_aHIV _xPrevention and care. |
|
| 650 |
_aHIV _xEurope _yUnited States of America. |
||
| 700 | _aPeters, Barry S. | ||
| 700 | _aSmith, Dawn K. | ||
| 700 | _aErwin, Jo T. | ||
| 907 |
_a.b10303388 _b18-03-13 _c14-11-11 |
||
| 003 | |||
| 005 | 20230123125342.0 | ||
| 040 | _cNUST | ||
| 942 |
_cBOOKS _kRA644.A25 _mETH |
||
| 999 |
_c140044 _d140044 |
||